ბათუმის შოთა რუსთაველის სახელმწიფო უნივერსიტეტის ბიბლიოთეკა

Финансы коммерческих предприятий и организаций (ბიბ.ჩანაწერი № 37110)

000 -LEADER
fixed length control field 00744nam a2200241Ia 4500
001 - CONTROL NUMBER
control field 3066
003 - CONTROL NUMBER IDENTIFIER
control field GE_BSU
008 - FIXED-LENGTH DATA ELEMENTS--GENERAL INFORMATION
fixed length control field 181216s||||||||xx |||||||||||||| ||und||
020 ## - INTERNATIONAL STANDARD BOOK NUMBER
International Standard Book Number 5860650264
040 ## - CATALOGING SOURCE
Transcribing agency GE_BSU
080 ## - UNIVERSAL DECIMAL CLASSIFICATION NUMBER
Universal Decimal Classification number 336.6(075.8)
100 ## - MAIN ENTRY--PERSONAL NAME
Personal name Рукина С.В.
245 ## - TITLE STATEMENT
Title Финансы коммерческих предприятий и организаций
245 ## - TITLE STATEMENT
Remainder of title Учебное пособие
245 ## - TITLE STATEMENT
Statement of responsibility, etc. Ред. И.А. Иванникова
260 ## - PUBLICATION, DISTRIBUTION, ETC.
Place of publication, distribution, etc. Москва
260 ## - PUBLICATION, DISTRIBUTION, ETC.
Name of publisher, distributor, etc. Экспертное бюро
260 ## - PUBLICATION, DISTRIBUTION, ETC.
Date of publication, distribution, etc. 1997
300 ## - PHYSICAL DESCRIPTION
Extent 176 с. 21 см.
653 ## - INDEX TERM--UNCONTROLLED
Uncontrolled term Финансы коммерческих предприятий и организаций
942 ## - ADDED ENTRY ELEMENTS (KOHA)
Koha item type წიგნი
ეგზემპლარები
Withdrawn status Lost status Damaged status Not for loan Date acquired Barcode Date last seen Price effective from Koha item type Public note
        2018-12-17 8234 2018-12-17 2018-12-17 წიგნი დარბაზი
        2018-12-17 8235 2018-12-17 2018-12-17 წიგნი დარბაზი
        2018-12-17 8236 2018-12-17 2018-12-17 წიგნი დარბაზი
        2018-12-17 8237 2018-12-17 2018-12-17 წიგნი დარბაზი
        2018-12-17 8238 2018-12-17 2018-12-17 წიგნი დარბაზი